00842nam a2200229 a 450000100060000000300080000600500170001400800410003103500190007204000310009104100080012208200270013011000620015724501000021926000390031930000200035850000190037865000450039794200120044299900170045495201410047172915BD-RjUL20211209082326.0170525s1958 nyu d 000 0 eng  a(BD-RjUL)73133 aDLC/ICUcICUdBD-RjULbeng aeng00a621.5503223bAMG 19582 aAmerican Vacuum Society.bCommittee on Standards.921567210aGlossary of terms used in vacuum technology. /cAmerican Vacuum Society. Committee on Standards aNew York :bPergamon Press,c1958. a63 p. ;c25 cm. aIncludes index 0aVacuum technologyxDictionaries.9215673 2ddccBK c72915d72915 00102ddc40718NFICaRUCLbRUCLcReadingd1968-10-22eZeitlingerg0.00l0o621.5503 AMG 1958r2017-05-25 00:00:00tC-1w2017-05-25yBK